Online
Catalog

Peregrinación romantica / (Record no. 32828)

MARC details
000 -CABECERA
campo de control de longitud fija 00453nam a2200145 a 4500
001 - NÚMERO DE CONTROL
campo de control 000033337
005 - FECHA Y HORA DE LA ÚLTIMA TRANSACCIÓN
campo de control 20200930070204.0
008 - DATOS DE LONGITUD FIJA--INFORMACIÓN GENERAL
campo de control de longitud fija 110824s1944 dr 000 0 spa d
040 ## - FUENTE DE LA CATALOGACIÓN
Centro catalogador/agencia de origen DO-SdBNP
Lengua de catalogación spa
Centro/agencia transcriptor BNPHU
082 ## - NÚMERO DE LA CLASIFICACIÓN DECIMAL DEWEY
Número de clasificación xxxx
Número de documento/Ítem C468p
100 1# - ENTRADA PRINCIPAL--NOMBRE DE PERSONA
Nombre de persona Chapuseaux, Adalberto
9 (RLIN) 26963
245 10 - MENCIÓN DE TÍTULO
Título Peregrinación romantica /
Mención de responsabilidad, etc. Adalberto Chapuseaux.
260 ## - PUBLICACIÓN, DISTRIBUCIÓN, ETC.
Lugar de publicación, distribución, etc. Santiago, República Dominicana :
Nombre del editor, distribuidor, etc. Imprenta "Muchas Gracias",
Fecha de publicación, distribución, etc. 1944.
300 ## - DESCRIPCIÓN FÍSICA
Extensión 191 p. ;
Dimensiones 22 cm.
Holdings
Estado de retiro Estado de pérdida No para préstamo Código de colección Localización permanente Ubicación/localización actual Ubicación en estantería Fecha de adquisición Número de inventario Total de préstamos Signatura topográfica completa Código de barras Fecha visto por última vez Precio válido a partir de Tipo de ítem Koha Nota pública
    Excluido de préstamo Patrimonio Dominicano Patrimonio Dominicano Patrimonio Dominicano En catalogación 24.08.2011 LF1   xxxx C468p 33337-10 25.06.2020 25.06.2020 Libro y Folleto Colección Patrimonio Dominicano Perteneció a la biblioteca personal de Martínez Boog

Powered by Koha